| 000 | 01153nam a22002057a 4500 | ||
|---|---|---|---|
| 999 |
_c58713 _d58713 |
||
| 005 | 20220704130755.0 | ||
| 008 | 220704s2011en xxu||||| |||| 00| 0 eng d | ||
| 020 | _a9783939394785 | ||
| 041 | _aeng | ||
| 080 | _a37 I-57 | ||
| 245 |
_aInitiatives to foster Chinese TVET and TVET teacher training / _cedit. bu: Frank Bünning; and others.. |
||
| 264 |
_aBonn: _bGIZ , _c2011. |
||
| 300 |
_a126 p.: _bill, _c 21 cm. |
||
| 653 | _aInitiatives to foster Chinese TVET and TVET teacher training | ||
| 653 | _aინიციატივები, რომლებიც ხელს უწყობენ ჩინური პროფესიული და პროფესიული სწავლების მასწავლებლების ტრენინგს | ||
| 653 | _aპედაგოგიკა | ||
| 700 |
_aBünning; Frank _eრედაქტორი [და სხვ.] _914283 |
||
| 856 |
_uhttp://www.unevoc-magdeburg.de/unevoc_media/Publikationen/2011_Initiative+to+foster+Chinese+TVET+and+TVET+Teacher+Training_web-p-300.pdf _ypdf ელექტრონული ვერსია |
||
| 942 |
_2udc _cBK |
||